Loading...
| Social Science | 0 | 5 | 0 | 1 | 50 | 25 | 81.80 | 1 | 2 | 0.00 | 0.00 |
| Literature - American | 0 | 4 | 0 | 0 | 40 | 93 | 131.75 | 0 | 1 | 0.00 | 0.00 |
| History - World | 0 | 4 | 1 | 1 | 35 | 62 | 78.50 | 0 | 2 | 0.00 | 0.00 |
| History - American | 0 | 3 | 0 | 1 | 30 | 95 | 102.00 | 0 | 0 | 0.00 | 0.00 |
| Fine Arts - Visual | 0 | 3 | 0 | 0 | 30 | 109 | 118.33 | 0 | 0 | 0.00 | 0.00 |
| Fine Arts - Other | 0 | 2 | 0 | 0 | 20 | 107 | 116.50 | 0 | 0 | 0.00 | 0.00 |
| History - Other | 0 | 2 | 0 | 0 | 20 | 36 | 51.50 | 0 | 2 | 0.00 | 0.00 |
| History - European | 0 | 1 | 0 | 0 | 10 | 124 | 124.00 | 0 | 0 | 0.00 | 0.00 |
| Fine Arts - Classical Music | 0 | 1 | 0 | 0 | 10 | 37 | 37.00 | 0 | 1 | 0.00 | 0.00 |
| Literature - European | 0 | 1 | 0 | 0 | 10 | 145 | 145.00 | 0 | 0 | 0.00 | 0.00 |
| Literature - World/Other | 0 | 1 | 0 | 0 | 10 | 102 | 102.00 | 0 | 0 | 0.00 | 0.00 |
| Other Academic | 0 | 1 | 0 | 0 | 10 | 109 | 109.00 | 0 | 0 | 0.00 | 0.00 |
| Philosophy | 0 | 1 | 0 | 0 | 10 | 103 | 103.00 | 0 | 1 | 0.00 | 0.00 |
| Religion | 0 | 1 | 0 | 0 | 10 | 127 | 127.00 | 0 | 0 | 0.00 | 0.00 |
| Literature - British | 0 | 1 | 1 | 0 | 5 | 108 | 108.00 | 0 | 1 | 0.00 | 0.00 |